| 000 | 00417nam a2200157 a 4500 | ||
|---|---|---|---|
| 005 | 20140310183321.0 | ||
| 008 | 060308s19uu xx 00 eng d | ||
| 020 | _a0804108528 | ||
| 050 |
_aPR 6065 _b.F911 1993 |
||
| 100 | _aFriedman, Philip | ||
| 245 |
_aInadmissible evidence / _cPhilip Friedman. |
||
| 260 |
_aNew York : _bIvy Books, _c1993. |
||
| 300 |
_a629 p. : _c18 cm. |
||
| 942 |
_cBK _2lcc |
||
| 999 |
_c21402 _d21402 |
||